[Event "KGZ-ch U16"]
[Site "Bishkek"]
[Date "2019.01.09"]
[Round "6"]
[White "Kerimkulov, Omurbek"]
[Black "Zamirbek Uulu, Adilet"]
[Result "1-0"]
[WhiteElo "1649"]
[BlackElo "1400"]
[PlyCount "55"]
[EventDate "2019.01.04"]
[EventType "swiss"]
[EventRounds "9"]
[EventCountry "KGZ"]
[SourceTitle "CBM 189 Extra"]
[Source "ChessBase"]
[SourceDate "2019.06.03"]
[SourceVersion "1"]
[SourceVersionDate "2019.06.03"]
[SourceQuality "1"]

1. e4 e6 2. d4 d5 3. Nd2 dxe4 4. Nxe4 Nd7 5. Bd3 Ngf6 6. Qe2 Nxe4 7. Bxe4 a6 8. Nf3 Nf6 9. Bd3 b6 10. 0-0 Bb7 11. Bf4 Bd6 12. Bg3 0-0 13. Rad1 Bxg3 14. hxg3 h6 15. c3 a5 16. Ne5 Qd5 17. f3 Rfd8 18. Rde1 Qd6 19. Kh2 c5 20. Be4 Ba6 21. c4 Nxe4 22. fxe4 f6 23. Rxf6 cxd4 24. Qh5 Qe7 25. Rg6 Rf8 26. Ng4 Qc5 27. Nxh6+ Kh7 28. Nf5+ 1-0

[Event "World ol U16"]
[Site "Konya"]
[Date "2018.11.30"]
[Round "6.20"]
[White "Kerimkulov, Omurbek"]
[Black "Mhango, Banele"]
[Result "0-1"]
[WhiteElo "1557"]
[BlackElo "1828"]
[PlyCount "136"]
[EventDate "2018.11.25"]
[EventType "team-swiss"]
[EventRounds "9"]
[EventCountry "TUR"]
[SourceTitle "CBM 187 Extra"]
[Source "ChessBase"]
[SourceDate "2018.11.04"]
[SourceVersion "1"]
[SourceVersionDate "2018.11.04"]
[SourceQuality "1"]
[WhiteTeam "Kyrgyzstan"]
[BlackTeam "South Africa"]
[WhiteTeamCountry "KGZ"]
[BlackTeamCountry "RSA"]

1. e4 c5 2. Nf3 d6 3. Bb5+ Bd7 4. c4 Nf6 5. Nc3 Nc6 6. 0-0 e6 7. d4 cxd4 8. Nxd4 Be7 9. b3 0-0 10. Bb2 a6 11. Ba4 Rb8 12. Nxc6 bxc6 13. Qd3 Qb6 14. Rad1 Rfd8 15. h3 e5 16. Kh1 Be6 17. Qe2 Nd7 18. Bc1 Nf8 19. Be3 Qc7 20. Rc1 Qb7 21. f4 exf4 22. Bxf4 Ng6 23. Bg3 Rbc8 24. Qf3 Ne5 25. Qe3 Ng6 26. Ne2 c5 27. Rcd1 Qb4 28. Qd2 Qb7 29. Qc2 Qc7 30. Nc3 Bf6 31. Rd3 Be5 32. Qf2 Qe7 33. Nd5 Bxd5 34. Rxd5 Bd4 35. Qf5 Ne5 36. Bf2 g6 37. Qf4 Nd3 38. Bh4 Nxf4 39. Bxe7 Nxd5 40. exd5 Be5 41. Bxd8 Rxd8 42. g4 Kg7 43. Kg2 Rc8 44. Rb1 Rc7 45. a3 a5 46. Kf3 Kf6 47. h4 h6 48. Bc6 Kg7 49. b4 axb4 50. axb4 cxb4 51. Rxb4 Ra7 52. Ra4 Re7 53. Rb4 Bd4 54. Rb7 Re3+ 55. Kf4 Re1 56. Bd7 Rf1+ 57. Ke4 Bc5 58. Be6 h5 59. g5 Bg1 60. Kd3 Rf4 61. Rc7 Bf2 62. Kc3 Bxh4 63. c5 dxc5 64. d6 Bxg5 65. d7 Bd8 66. Rc8 Bf6+ 67. Kb3 fxe6 68. d8Q Bxd8 0-1

[Event "World ol U16"]
[Site "Konya"]
[Date "2018.11.25"]
[Round "1.20"]
[White "Lashkin, Jegor"]
[Black "Kerimkulov, Omurbek"]
[Result "1-0"]
[WhiteElo "2367"]
[BlackElo "1557"]
[PlyCount "95"]
[EventDate "2018.11.25"]
[EventType "team-swiss"]
[EventRounds "9"]
[EventCountry "TUR"]
[SourceTitle "CBM 187 Extra"]
[Source "ChessBase"]
[SourceDate "2018.11.04"]
[SourceVersion "1"]
[SourceVersionDate "2018.11.04"]
[SourceQuality "1"]
[WhiteTeam "Moldova"]
[BlackTeam "Kyrgyzstan"]
[WhiteTeamCountry "MDA"]
[BlackTeamCountry "KGZ"]

1. Nf3 d5 2. d4 Nf6 3. c4 c6 4. Nc3 g6 5. e3 Bg7 6. h3 Bf5 7. Be2 0-0 8. 0-0 Nbd7 9. g4 Be4 10. Nd2 Qc7 11. g5 Ne8 12. Ndxe4 dxe4 13. Nxe4 f5 14. gxf6 Ndxf6 15. Ng5 Qd7 16. c5 e6 17. f4 Nc7 18. Bc4 Kh8 19. Bd2 Nfd5 20. Qg4 Rae8 21. Nf3 Qf7 22. Ne5 Qf5 23. Bd3 Qxg4+ 24. hxg4 Rd8 25. Rad1 Nf6 26. Kg2 Nd7 27. Bc4 Bf6 28. Nxd7 Rxd7 29. g5 Bg7 30. a4 Rfd8 31. Ba5 Re8 32. Kf3 Kg8 33. Bd2 Kf8 34. Rh1 Bh8 35. Bd3 Kg8 36. Rh3 Rg7 37. b4 Rf7 38. Rdh1 Rg7 39. b5 cxb5 40. axb5 Ree7 41. Ra1 Rgf7 42. Rxa7 Ne8 43. Ra8 Bg7 44. b6 Kh8 45. Bxg6 Rf8 46. Bxh7 e5 47. Be4+ Kg8 48. Bd5+ 1-0